| 000 | 00749nam a22001937a 4500 | ||
|---|---|---|---|
| 999 |
_c14012 _d14012 |
||
| 003 | AR-CdUCM | ||
| 008 | 190417b ||||| |||| 00| 0 spa d | ||
| 040 |
_aMUNICIPALIDAD PROVINCIAL DEL CUSCO _cBIBLIOTECA MUNICIPAL DEL CUSCO |
||
| 082 |
_aEP / 803 / _bC95 |
||
| 110 |
_aEdiciones cultura peruana. _927330 |
||
| 245 | _aCuentos infantiles peruanos / | ||
| 260 |
_aLima : _bEdiciones cultura peruana, _c2004. |
||
| 300 |
_a94 páginas ; _c16 cm. |
||
| 440 |
_aBiblioteca básica. _932674 |
||
| 505 | _aContenido :El vuelo de los cóndores -- El colibri con cola de pavo real -- El ángel -- El pirata pata de palo y sus amigos -- Los cuentos de hadas son cuentos ... | ||
| 650 |
_aCuentos _9217 |
||
| 942 |
_2ddc _cLIBROS |
||
| 945 |
_arum _d2019-04-17 |
||